000 00614cam a2200229 a 4500
001 14239152
005 20180119072853.0
008 060124s2007 nyua b 001 0 eng
010 _a 2006921149
020 _a0716706172
040 _aDLC
_cDLC
_dDLC
041 _aeng
080 _a150 GRA
082 0 0 _a150 GRA
_221
100 1 _a49
101 _aPSI
245 1 0 _aPsychology /
_cPeter Gray.
504 _aIncludes bibliographical references and indexes.
906 _a7
_bcbc
_corigcop
_d2
_encip
_f20
_gy-gencatlg
942 _2ddc
_cBK
999 _c40584
_d40584